Catálogo
 En Linea

La force de l'age / (Registro nro. 17694)

Detalles MARC
000 -CABECERA
campo de control de longitud fija 00708cam a2200229 a 4500
001 - NÚMERO DE CONTROL
campo de control 000018173
005 - FECHA Y HORA DE LA ÚLTIMA TRANSACCIÓN
campo de control 20200929165403.0
008 - DATOS DE LONGITUD FIJA--INFORMACIÓN GENERAL
campo de control de longitud fija 720128s1960 fr 000 0bfre d
040 ## - FUENTE DE LA CATALOGACIÓN
Centro catalogador/agencia de origen DO-SdBNP
Lengua de catalogación fre
Centro/agencia transcriptor LC
Centro/agencia modificador BNPHU
042 ## - CÓDIGO DE AUTENTICACIÓN
Código de autenticación premarc
050 00 - SIGNATURA TOPOGRÁFICA DE LA BIBLIOTECA DEL CONGRESO
Número de clasificación PQ2603.E362
Número de documento/Ítem Z515
082 ## - NÚMERO DE LA CLASIFICACIÓN DECIMAL DEWEY
Número de clasificación nn*
Número de documento/Ítem B386f
049 ## - FONDOS LOCALES (OCLC)
Fondos de biblioteca BNGR
100 1# - ENTRADA PRINCIPAL--NOMBRE DE PERSONA
Nombre de persona Beauvoir, Simone de,
Fechas asociadas al nombre 1908-1986.
9 (RLIN) 13630
245 13 - MENCIÓN DE TÍTULO
Título La force de l'age /
Mención de responsabilidad, etc. Simone De Beauvoir.
260 ## - PUBLICACIÓN, DISTRIBUCIÓN, ETC.
Lugar de publicación, distribución, etc. [Paris] :
Nombre del editor, distribuidor, etc. Gallimard,
Fecha de publicación, distribución, etc. 1960.
300 ## - DESCRIPCIÓN FÍSICA
Extensión 701 p. ;
Dimensiones 21 cm.
490 1# - MENCIÓN DE SERIE
Mención de serie Le Livre de Poche,
Designación de volumen o secuencia 1458-1459-1460
600 10 - PUNTO DE ACCESO ADICIONAL DE MATERIA--NOMBRE DE PERSONA
Nombre de persona Beauvoir, Simone de,
Fechas asociadas al nombre 1908-1986.
9 (RLIN) 13630
830 #0 - PUNTO DE ACCESO ADICIONAL DE SERIE-TÍTULO UNIFORME
Título uniforme Le Livre de Poche ;
Designación de volumen o secuencia 1458-1459-1460
9 (RLIN) 39384
910 ## - DATOS DE OPCIÓN DEL USUARIO (OCLC)
Datos de opción del usuario Catalogación por copia / LC
Existencias
Estado de retiro Estado de pérdida Restricciones de uso No para préstamo Código de colección Localización permanente Ubicación/localización actual Ubicación en estantería Fecha de adquisición Número de inventario Total de préstamos Signatura topográfica completa Código de barras Fecha visto por última vez Precio válido a partir de Tipo de ítem Koha
    Préstamo interno   Monografías: Libros y Folletos General General En catalogación 19.04.2010 LF1   nn* B386f 18173-10 25.06.2020 25.06.2020 Préstamo interno

Con tecnología Koha